| 000 | 00435nam a2200157Ia 4500 | ||
|---|---|---|---|
| 008 | 210716s1992 xx 000 0 und d | ||
| 020 | _a876927827 | ||
| 041 | _aeng | ||
| 082 | _a519.2 MILI | ||
| 100 | _aMiller, Irwin. | ||
| 245 | _aProbability and statistics for engineers. | ||
| 250 | _a4 | ||
| 260 |
_aNew Delhi _bPrentice Hall of India PVt Ltd _c1992 |
||
| 300 | _ax,612 | ||
| 650 | _aProbabilities and applied mathematics(519) | ||
| 999 |
_c182635 _d182635 |
||